000 00378nam a22001697a 4500
005 20160528094831.0
008 160528b xxu||||| |||| 00| 0 eng d
020 _a81-7446-542-1
041 _aeng
082 _b5606
100 _aKazmi, S.H.H.
_9252
245 _aMarketing Management
260 _bExcel Books
300 _a699
650 _aManagement
_9241
942 _cBK
999 _c2007
_d2006